000 00351 a2200157 4500
001 47329
020 _a8535906576 (broch.)
040 _cAnchieta - Aquarius
100 _aBloise, Paulo Vicente
240 1 0 _a=Vida crônica
_lpor
245 1 0 _a=Vida crônica
300 _a129p.
362 0 _a2005
650 4 _aLiteratura brasileira
942 _cBK
999 _c47329
_d47329